General Knowledge NHS 3 - Statistics

General Stats
  • This quiz has been taken 20 times
    3 since last reset
  • The average score is 29 of 50
Answer Stats
Hint Answer % Correct
Who sang My Heart Will Go On for the film Titanic in 1997? Celine Dion
100%
What does an oologist study? Eggs
100%
Which singer was played by Rami Malek in Bohemian Rhapsody? Freddie Mercury
100%
Which actor played Han Solo, Indiana Jones, Jack Ryan and was also in Apocalypse Now? Harrison Ford
100%
What was Napoleon Bonaparte's wife called? Josephine
100%
Which island are lemurs native to? Madagascar
100%
What is the currency of Japan? Yen
100%
In what year did the Chernobyl nuclear disaster occur? 1986
67%
Who was the Greek goddess of chastity, hunting and the moon? Artemis
67%
Who wrote Dracula? Bram Stoker
67%
Which political party did Boris Johnson represent? Conservative
67%
What is the tallest mountain in the world? Everest
67%
Which puppeteer controlled and voiced Yoda? Frank Oz
67%
Who played Willy Wonka in the 1971 film? Gene Wilder
67%
What is acrophobia the irrational fear of? Heights
67%
Who did Brazil beat in the final of the 1970 FIFA World Cup? Italy
67%
Who directed The Silence of the Lambs? Jonathan Demme
67%
What is the French national anthem? La Marseillaise
67%
Who painted the Mona Lisa? Leonardo da Vinci
67%
Which group of brothers made the films Duck Soup, A Night at the Opera and A Day at the Races? Marx
67%
What was New York formerly called? New Amsterdam
67%
Who played Al Capone in The Untouchables? Robert De Niro
67%
The Bering Strait separates the United States from what country? Russia
67%
Who is Scooby-Doo's nephew? Scrappy-Doo
67%
The most famous song in which musical is sung by Alex in A Clockwork Orange while he violently takes advantage of a woman in front of her husband? Singin' in the Rain
67%
Which girl band released the 1996 song Wannabe? Spice Girls
67%
Who directed Jaws? Steven Spielberg
67%
What is the capital city of Sweden? Stockholm
67%
What was Al Capone put in prison for? Tax evasion
67%
Which 1980 horror film included the famous line 'All work and no play makes Jack a dull boy'? The Shining
67%
What instrument is the devil said to play? Violin
67%
Which Roman Emperor commanded his army to go to war against the sea? Caligula
33%
Which London underground line is the busiest? Central
33%
Which Nazi POW camp do the characters try to escape in the legendary 1963 film The Great Escape? Colditz
33%
What is a group of rhinoceroses called? Crash
33%
Who played Ted Crilly in Father Ted? Dermot Morgan
33%
Which ground does Birmingham Phoenix play its home games in The Hundred? Edgbaston
33%
What is the longest Disney animated film? Fantasia
33%
Who is the only Hungarian player to have won the Ballon D'Or? Florian Albert
33%
Which American economist won a Nobel prize for his work on imperfect information in the used cars market? George Akerlof
33%
Which school did Winston Churchill attend? Harrow
33%
Which Beatles song is sung before kickoff at the Brentford Community Stadium? Hey Jude
33%
Who does quarterback Patrick Mahomes play for? Kansas City Chiefs
33%
Who is the current England football manager? Lee Carsley
33%
What was the name of William I's wife? Matilda
33%
Who stepped down as presenter of Countdown in 2021? Nick Hewer
33%
Which company developed the game Sea of Thieves? Rare
33%
Who was Fulham's manager when they lost 2-1 to Atletico Madrid in the 2010 Europa League final? Roy Hodgson
33%
What is the real name of the tenor who sings in the Go Compare adverts? Wynne Evans
33%
What type of star is the Sun? Yellow dwarf
33%
No matching quizzes found
Score Distribution
Percent of People with Each Score
Percentile by Number Answered
Your Score History
You have not taken this quiz since the last reset